| 000 | 01239cam a2200313 a 4500 | ||
|---|---|---|---|
| 999 |
_c343752 _d343752 |
||
| 001 | 672495 | ||
| 003 | Nust | ||
| 005 | 20180117090013.0 | ||
| 008 | 950720s1996 nyua 001 0 eng | ||
| 010 | _a 95035688 | ||
| 020 | _a0442020554 | ||
| 040 |
_aDLC _cDLC _dDLC |
||
| 043 | _an-us--- | ||
| 050 | 0 | 0 |
_aHD9696.S44 _bN383 1996 |
| 082 | 0 | 0 |
_a338.7/6213815/0973 _220 |
| 100 | 1 | _aAmelio, Gil. | |
| 245 | 1 | 0 |
_aProfit from experience : _bthe National Semiconductor story of transformation management / _cGil Amelio,, William L. Simon. |
| 260 |
_aNew York : _bVan Nostrand Reinhold, _cc1996. |
||
| 300 |
_axxi, 312 p. : _bill. (some col.) ; _c24 cm. |
||
| 500 | _aIncludes index. | ||
| 600 | 1 | 0 | _aAmelio, Gil. |
| 610 | 2 | 0 |
_aNational Semiconductor Corporation _xManagement. |
| 650 | 0 |
_aSemiconductor industry _zUnited States _xHistory. |
|
| 700 | 1 |
_aSimon, William L., _d1930- |
|
| 906 |
_a7 _bcbc _corignew _d1 _eocip _f19 _gy-gencatlg |
||
| 942 |
_2ddc _cBK |
||